000 00550nam a2200181 i 4500
001 38246
003 ES-MaACL
005 20230906155726.0
007 t|
008 030225s1967 sp ||||1| cat d
100 1 _aBurgbacher, Kurt.
_932621
245 1 0 _aPilot a l'infern blanc /
_cKurt Burgbacher ; [traducció de Lluis Asensi].
250 _a[1ª ed.].
260 _a[Barcelona :
_bEdiciones 62,
_c1967]
300 _a230 p., 1 lám. :
_b1 map. pleg., il. ;
_c19 cm.
700 1 _aAsensi, Lluis.
_923570
852 _aES-MaACL
_jC-34213
_bR.64615
999 _c38246
_d38246